Culture Générale - Série 918 - Statistiques

Statistiques générales
  • Ce quiz a été pris 103 fois
  • Le résultat moyen est 5 sur 10
Statistiques - réponses
Question réponse % Correct
Aux sports d'hiver, le snowboard est l'autre nom du "surf des... neiges
91%
En France, en quelle année les femmes votent-elles pour la première fois ? 1945
87%
Quel pays donnant sur la Méditerranée est situé entre la Tunisie et l'Égypte ? Libye
85%
Quelle rivière française passe à Bergerac et à Libourne avant de se jeter dans la Garonne ? Dordogne
57%
A quel maître cuisinier, disparu en 2003 à Saulieu, doit-on l'ouvrage intitulé "L'Envolée des saveurs" ? Bernard Loiseau
44%
Quel chirurgien du XVIe siècle est considéré comme le père de la chirurgie moderne ? Ambroise Paré
40%
Dans l'Antiquité, quelle civilisation, apparue au VIIIe siècle avant J.-C., domina l'Italie centrale avant les Romains ? Étrusques
31%
Quelle actrice incarne le personnage d'Amy Kane aux côtés de Gary Cooper dans le film “Le train sifflera trois fois” en 1952 ? Grace Kelly
29%
Quel est l'autre nom du pharaon Aménophis IV ? Akhenaton
19%
Quel était le prénom de l'écrivain Barbey d'Aurevilly ? Jules
12%
Aucun quiz correspondant
Distribution des résultats
% des personnes avec chaque résultat
Percentile par nombre de réponses
Votre historique - résultats
Vous n’avez pas pris ce quiz